Statistiques concernant Drapeaux européens contenant une croix

Cliquez ici pour prendre le quiz!

Statistiques générales

  • Ce quiz a été pris 12 651 fois
    (2 868 depuis la dernière actualisation)
  • Le résultat moyen est 7 sur 9

Statistiques - réponses

Pays% Correct
Suède
96%
Finlande
94%
Norvège
94%
Danemark
92%
Royaume-Uni
82%
Islande
80%
Suisse
78%
Grèce
63%
Malte
59%

Distribution des résultats

Percentile par nombre de réponses

% des personnes avec chaque résultat

Votre développement - résultats

Vous n’avez pas pris ce quiz depuis la dernière actualisation